| 000 | 00498nam a2200181Ia 4500 | ||
|---|---|---|---|
| 999 |
_c35398 _d35398 |
||
| 003 | OSt | ||
| 005 | 20201216110303.0 | ||
| 008 | 190216s9999||||xx |||||||||||||| ||und|| | ||
| 040 | _coclc | ||
| 082 |
_a301 _bGOO/T |
||
| 100 |
_aGoolrick, William K _97567 |
||
| 245 | 4 |
_aThe Community / _cWilliam K Goolrick |
|
| 250 | _a1st Ed. | ||
| 260 |
_bTime Life Books, _c1977. _aNew York: |
||
| 300 | _a176p | ||
| 650 | _aHuman Behavior | ||
| 942 |
_cREF _2ddc _h301 _iGOO/T _k301 _mGOO/T |
||